Boyhood of the first of the world's student author in british India Muhammad Ali Sircar
Guardat en:
| Autors principals: | , |
|---|---|
| Format: | Llibre |
| Idioma: | anglès |
| Publicat: |
Dhaka
International Publications
1995
|
| Matèries: | |
| Etiquetes: |
Afegir etiqueta
Sense etiquetes, Sigues el primer a etiquetar aquest registre!
|
MARC
| LEADER | 00000nam a2200000 a 4500 | ||
|---|---|---|---|
| 001 | UCZ9604 | ||
| 003 | CL-VaPUC | ||
| 008 | 960308e19950000BG |||||||||||||||||eng|d | ||
| 082 | 0 | 4 | |a 928 |b FAI |2 21 |
| 100 | 0 | |a Faiyazul Hoque, A. K |e author |9 354614 | |
| 700 | 0 | |a Ishrat Jahan, Shaila |e author |9 354615 | |
| 245 | 1 | 0 | |a Boyhood of the first of the world's student author in british India Muhammad Ali Sircar |
| 300 | |a 32 p | ||
| 942 | |c BK | ||
| 945 | |d 19960308 00:00:00 |a rbrito | ||
| 260 | |a Dhaka |b International Publications |c 1995 | ||
| 600 | 0 | 7 | |a SIRCAR, MUHAMMAD ALI |2 CL-VaPUC |9 354616 |
| 650 | 0 | |a Bibliografías |9 257071 | |
| 650 | 0 | |a Escritores |9 313723 | |
| 583 | |a last modification |c 19960308 00:00:00 |k Rodrigo Vera | ||
| 999 | |c 244831 |d 244829 | ||
| 952 | |0 0 |1 0 |4 0 |6 928_000000000000000_FAI_1995 |7 0 |8 A |9 259069 |a BIBEDU |b BIBEDU |d 2019-11-19 |i 3175316 |o 928 FAI 1995 |p 3175316 |r 2019-11-19 |w 2019-11-19 |y BK |k LIT | ||